| 000 | 01537nam a2200301 a 4500 | ||
|---|---|---|---|
| 999 |
_c57330 _d57330 |
||
| 003 | BLK | ||
| 005 | 20241123120921.0 | ||
| 008 | 180408b bul|||||r ||||||| ||bul|| | ||
| 040 | _aBLK | ||
| 041 |
_aBUL _cBUL |
||
| 080 |
_aФизиология на движението. Биомеханика на човека - Скорост на движението, координация. Сложни движения, физиологични процеси при физическа работа;ергазология (учение за умората на д-р Досе), ергол _b612.76 _x(075.8) _z612.76(075.8) |
||
| 080 |
_aЕргономия _b331.101.1 _x(075.8) _z331.101.1(075.8) |
||
| 100 | 1 |
_aПенов, Гето Горанов _eпърви автор _9287542 |
|
| 139 | _aПенов, Гето Горанов | ||
| 245 | 1 | 0 |
_aУчебник по ергономия _bАнатомо-физиол. основи на ергономията : Учебник за студенти от ВИИИ Н. Павлович _cГето Пенов. |
| 257 | _aBGR | ||
| 260 |
_aСофия _bНаука и изкуство _c1976 |
||
| 300 |
_a340 с. _bс ил. _c22 см |
||
| 380 | _a61 | ||
| 650 | 4 |
_aЕргономия - учебници за ВУЗ _9253366 |
|
| 653 | _aергономия | ||
| 653 | _aучебници за ВУЗ | ||
| 852 |
_aЦб 80079 _bЦб |
||
| 856 | 4 |
_qpdf _i0.00 _ldisable |
|
| 942 |
_cKNG _n0 _05 _s1 |
||
| 944 |
_aCR _c13.06.2004 _k30570 _lМоника Янева |
||
| 944 |
_aED _c2022-10-13 _kСТ |
||